000
00293nam a2200097Ia 4500
082
_a
248.32 SHEE
245
0
_a
n Beginnersgids tot intrede
100
_a
SHEETS, Dutch Kaapstad, 2003 1ste Suid-Afrikaanse uitg
_9
96479
942
_c
BK
008
210817s9999 xx 000 0 und d
999
_c
405424
_d
405423